01435naa#a2200253#i#4500001002000000005001700020011001400037100004100051102000700092200033300099210007800432215001000510606006400520608004500584675010300629686004800732686008200780686007800862700006400940700006001004700005601064700004801120856001301168RU\RIOR\bibl\12619420260629074234.1##a2409-6024##a20260530b2026####ek#y0rusy0150####ca##aRU1#aОбеспечение экономической безопасности лесопромышленного комплекса на основе интеграции цифровых систем пожаротушения и инновационного лесовосстановленияeЖурнальная статья1#aМоскваcООО "Издательский Центр РИОР"d2026##a6 с.##aЭкономика и управление. 38.00.002local##aЖурнальная статья2local##aЭкономика. Народное хозяйство. Экономические науки. 33##aОБЩЕСТВЕННЫЕ НАУКИ. 62bbk##aОБЩЕСТВЕННЫЕ НАУКИ. ЭКОНОМИКА. ПРАВО.. 72tbk##aЭКОНОМИКА И ЭКОНОМИЧЕСКИЕ НАУКИ. 06.002grnti#1aБулгаковаgМарина Александровна#1aНауменкоgСветлана Николаевна#1aМазинgАлександр Леонидович#1aЯшинаgНадежда Игоревна4#arusjm.ru